Petit carême / (Record no. 159124)

MARC details
000 -LEADER
campo de control de longitud fija 00766nam a22002055i 4500
001 - NÚMERO DE CONTROL
campo de control 159124
003 - IDENTIFICADOR DE NÚMERO DE CONTROL
campo de control ES-MaACL
005 - FECHA Y HORA DE LA ÚLTIMA TRANSACCIÓN
campo de control 20251015063141.0
008 - DATOS DE LONGITUD FIJA--INFORMACIÓN GENERAL
campo de control de longitud fija 041001s1820 fr |||| | fre d
040 ## - FUENTE DE CATALOGACIÓN
Centro catalogador/agencia de origen CAM
Lengua de catalogación spa
Centro/agencia transcriptor CAM
100 1# - ENTRADA PRINCIPAL--NOMBRE DE PERSONA
Nombre de persona Massillon, Jean Baptiste,
Títulos y otros términos asociados al nombre Obispo de Clermont,
Fechas asociadas al nombre 1663-1742
9 (RLIN) 129707
245 10 - MENCIÓN DEL TÍTULO
Título Petit carême /
Mención de responsabilidad, etc. de Massillon.
260 ## - PUBLICACIÓN, DISTRIBUCIÓN, ETC.
Lugar de publicación, distribución, etc. Paris :
Nombre del editor, distribuidor, etc. Pelafol, Libraire,
Fecha de publicación, distribución, etc. 1820 (
Fabricante Imprimerie stéréotype de Laurens Ainé)
300 ## - DESCRIPCIÓN FÍSICA
Extensión 330 p. ;
Dimensiones 14 cm.
490 1# - MENCIÓN DE SERIE
Mención de serie Choix des meilleurs morceaux de Massillon
594 ## - Nota al título y mención de responsabilidad
Nota al título y mención de responsabilidad Titulo tomado de la anteportada.
830 0# - PUNTO DE ACCESO ADICIONAL DE SERIE-TÍTULO UNIFORME
Título uniforme Choix des meilleurs morceaux de Massillon
9 (RLIN) 221911
852 ## - LOCALIZACIÓN
Ubicación ES-MaACL
Número de control de estantería D-4023
Nota libre -- Enc. piel gofrada con hierros dorados
Holdings
Estatus retirado Estado de pérdida Estado de daño No para préstamo Colección Biblioteca de origen Biblioteca actual Ubicación en estantería Fecha de adquisición Fuente de adquisición Total de préstamos Signatura topográfica completa Código de barras Visto por última vez Precio de reemplazo Tipo de ítem Koha
        Libros del s. XIX Biblioteca del Ateneo de Madrid Biblioteca del Ateneo de Madrid Sala Valle Inclán 17/01/2008     D-4023 901166578 23/02/2023 23/02/2023 Libro impreso antiguo